Czasowniki nierugularne czesc 3 - Statistics

General Stats
  • This quiz has been taken 84 times
    78 since last reset
  • The average score is 68 of 81
Answer Stats
Odpowiedź % Correct
gesehen
100%
gesollt
100%
gesprochen
100%
gesungen
100%
sah
100%
sang
100%
widzieć sehen
100%
śpiewać singen
100%
mieć powinność sollen
100%
sollte
100%
sprach
100%
mówić, rozmawiać sprechen
100%
pić trinken
100%
geschwommen
91%
gesessen
91%
getragen
91%
getroffen
91%
getrunken
91%
gewachsen
91%
gewaschen
91%
saß
91%
ß schwamm
91%
pływać schwimmen
91%
być sein
91%
siedzieć sitzen
91%
stać stehen
91%
traf
91%
nosić tragen
91%
trank
91%
spotykać treffen
91%
vergaß
91%
zapominać vergessen
91%
vergessen
91%
rosnąć wachsen
91%
war
91%
myć, prać waschen
91%
gesprungen
82%
gestanden
82%
gestiegen
82%
gestorben
82%
getan
82%
gewollt
82%
geworden
82%
gezogen
82%
sprang
82%
skakać springen
82%
stand
82%
starb
82%
wznosić się, wspinać się steigen
82%
umierać sterben
82%
stieg
82%
tat
82%
trug
82%
robić, czynić tun
82%
stawać się, zostawać werden
82%
chcieć wollen
82%
wollte
82%
wuchs
82%
wurde
82%
wusch
82%
ciągnąć ziehen
82%
zog
82%
gestritten
73%
gewesen
73%
gezwungen
73%
stritt
73%
tracić, gubić, przegrywać verlieren
73%
verlor
73%
verloren
73%
wiedzieć wissen
73%
zwang
73%
zmuszać zwingen
73%
gewogen
64%
geworfen
64%
gewusst
64%
kłócić się streiten
64%
warf
64%
rzucać werfen
64%
ważyć wiegen
64%
wog
64%
wusste
64%
No matching quizzes found
Score Distribution
Percent of People with Each Score
Percentile by Number Answered
Your Score History
You have not taken this quiz since the last reset